| 000 | 00786nam a22002057a 4500 | ||
|---|---|---|---|
| 005 | 20100812142636.0 | ||
| 010 | _aENG-99993 | ||
| 020 |
_a8175223001 _c180.00 |
||
| 035 | _aEN-83525 | ||
| 037 | _bDBAD/PUB | ||
| 082 | _a230.31 | ||
| 100 |
_aChunkapura, Jose _911818 |
||
| 245 |
_aThe God of Rabindranath Tagore : _ba study of the evolution of his understanding of God / _cby Jose Chunkapura |
||
| 260 |
_aKolkata _bVisva-Bharati _c2002 |
||
| 270 |
_a6 Acharya Jagadishchandra Bose Road _bKolkata _e700017 |
||
| 300 |
_a351p. _c21cm (pbk) |
||
| 500 | _aIncludes bibliographical references | ||
| 942 |
_2ddc _cEN _h230.31 _mCHU |
||
| 999 |
_c41378 _d41378 |
||